| Registos Bibliográficos associados ao registo de autoridade |
|
Etiqueta de registo: 00254nam 2200025 450 001 2258004 003 http://id.bnportugal.gov.pt/bib/catbnp/2258004 010 ## $a978-972-25-5065-9 021 ## $aPT$b556655/25 100 ## $a20260130d2026 m y0pory01030103ba 101 1# $apor$cita 102 ## $aPT 105 ## $aa z 000yy 106 ## $ar 200 1# $a O método infalível$edescubra o segredo para aprender depressa e alcance resultados incríveis!$fGiulio Deangeli$gtrad. João Pedro Vala 205 ## $a1ª ed 210 #9 $aLisboa$cBertrand,$d2026 215 ## $a294, [2] p.$cil.$d24 cm 304 ## $aTít. orig.: Il metodo geniale: I segreti del cervello per apprendere velocemente e
amare lo studio 675 ## $a612.82(035)$vBN$zpor$31222150 675 ## $a159.953(035)$vBN$zpor$3396241 700 #1 $aDeangeli,$bGiulio$31982661 702 #1 $aVala,$bJoão Pedro,$f1990-$4730$31839393 801 #0 $aPT$bBN$gRPC 856 41 $uhttp://rnod.bnportugal.gov.pt/ImagesBN/winlibimg.aspx?skey=&doc=2258004&img=219855&save=true 900 ## $aBIBNAC$d20260326 966 ## $lBN$mFGMON$sS.A. 193294 V.$x1 966 ## $lBN$mFGMON$sS.A. 193294 V.-D$x1 971 ## $cssilva$d20260130 972 ## $e0$z0$d20260326$vlrevez 973 ## $cmlsousa$d20260303
|
|
|